Aprendizaje de las ciencias sociales /
Guardado en:
| Autor Principal: | |
|---|---|
| Formato: | Libro |
| Publicado: |
Buenos Aires :
El Ateneo,
1986
|
| Materias: | |
| Etiquetas: |
Agregar Etiqueta
Sin Etiquetas, Sea el primero en etiquetar este registro!
|
| LEADER | 00561nam a22001815a 4500 | ||
|---|---|---|---|
| 001 | CEM.cems000514 | ||
| 005 | 20060210000000.0 | ||
| 008 | 130507s1986##################000#0#####d | ||
| 003 | CEMS | ||
| 082 | 0 | 4 | |a 372.83 |
| 100 | 1 | |a Andina, María A. | |
| 245 | 1 | 0 | |a Aprendizaje de las ciencias sociales / |
| 260 | |a Buenos Aires : |b El Ateneo, |c 1986 | ||
| 300 | |a 170 p. | ||
| 653 | |a Didactica de las ciencias soci | ||
| 653 | |a Educacion | ||
| 859 | |a CEMS |b BIB. CEMS - 11 de abril |h 372.83 |i An23 |p 15036.88 |t Ej.1 | ||
| 859 | |a CEMS |b BIB. CEMS - 11 de abril |h 372.83 |i An23 |p 15037.88 |t Ej.2 | ||
